| 000 | 00417nam a2200181Ia 4500 | ||
|---|---|---|---|
| 001 | 13862 | ||
| 005 | 20260306164832.0 | ||
| 008 | 260306t2015||||xx |||||||||||||| ||spa|| | ||
| 041 | _aESP | ||
| 082 |
_a005.4 _bW54 |
||
| 100 |
_aWhite, Tom _eAUT |
||
| 245 | 0 |
_aHadoop: _bthe definitive guide |
|
| 260 | _c2015 | ||
| 300 |
_a727 páginas : _c23 cm. |
||
| 650 | _aGEN | ||
| 654 | _aCCC | ||
| 942 |
_cLIB _dJUS _fJUS _2ddc _n |
||
| 999 |
_c13862 _d13862 |
||